Score 0/7 Timer 03:00
0 Plays Today
Question Answer Wrong Answers
President Lyndon Johnson signs a bill to establish this entity, designed to provide non-commercial radio and television services.
1967
Corporation for Public Broadcasting
88.5%
Teach For America
1.5%
Creative Commons
1.6%
Association of Educational Broadcasters
5%
This man, who later would have an airport named for him, is elected as the 99th mayor of New York City.
1933
Fiorello La Guardia
86.6%
Edward O'Hare
9.4%
Edward Logan
2.5%
Ambrose Kingsland
1.3%
Having served as First Lady of the United States from 1933-45, this woman dies at age 78.
1962
Eleanor Roosevelt
84.5%
Grace Coolidge
1.4%
Mamie Eisenhower
5.6%
Bess Truman
5.3%
This Canadian folk singer, author of songs like Big Yellow Taxi and A Case of You, is born in Fort Macleod, Alberta.
1943
Joni Mitchell
78.2%
Stan Rogers
3.7%
Gordon Lightfoot
9.4%
Carole King
7.9%
Just four months after its construction is completed in this US state, the Tacoma Narrows Bridge collapses during a windstorm.
1940
Washington
78.1%
New York
4.6%
California
9.6%
Texas
7.2%
Zine El Abidine Ben Ali becomes President of this North African nation after Habib Bourguiba is overthrown.
1987
Tunisia
60.5%
Cameroon
9.1%
Egypt
14.8%
Senegal
11.9%
This museum, home to Van Gogh's The Starry Night since 1941, first opens to the public.
1929
Museum of Modern Art
41.1%
Hermitage Museum
9.2%
The Louvre
40%
Art Institute of Chicago
9.6%
Remove Ads.
Support Sporcle.
Get the best of Sporcle when you Go Orange. This ad-free experience offers more features, more stats, and more fun while also helping to support Sporcle. Thank you for becoming a member.

You're not logged in!

Compare scores with friends on all Sporcle quizzes.
OR
Log In

Show Comments

Extras

Top Quizzes Today


Score Distribution

Your Account Isn't Verified!

In order to create a playlist on Sporcle, you need to verify the email address you used during registration. Go to your Sporcle Settings to finish the process.

Report this User

Report this user for behavior that violates our Community Guidelines.

Details: